000 01219nam a2200325 c 4500
999 _c329960
_d329960
003 BLK
005 20250426164239.0
008 180411b bul|||||r ||||||| ||bul||
010 _aKNG00213647000
020 _a978-619-02-0404-6
040 _aBLK
041 _aBUL
_cBUL
072 7 _2bullib
_aН84
_xБългарска художествена литература Н
080 _aБългарска литература
_b821.163.2
_x-1
_z821.163.2-1
100 1 _aХапсали, Катерина Валериева
_eпърви автор
_9136122
139 _aХапсали, Катерина
_bХ 25
245 1 0 _aСливовиц
_cКатерина Хапсали; ил. Дамян Дамянов
257 _aBGR
260 _bКолибри
_c2019
_fСофия : Симолини
300 _a240 с.
_bс ил.
_c20 см
380 _aX
500 _aИмето на ил. отбелязано на гърба на загл. с.
659 _aН
700 1 _aДамянова, Дима Красимирова
_eил.
_9350282
852 _bП
_cП 886.7-31/Х 25
856 4 _qpdf
856 4 _qpdf
942 _cKNG
_n0
_031
944 _aCR
_c25.10.2017
_k30558
_lВаля Йорданова